Historia antigua de Roma: Libros VII-IX

Gorde:
Xehetasun bibliografikoak
Egile nagusia: Dionisio de Halicarnaso (Egilea)
Formatua: Liburua
Hizkuntza:gaztelania
Argitaratua: Madrid Gredos 1989
Saila:Biblioteca Clásica Gredos, 123
Gaiak:
Etiketak: Etiketa erantsi
Etiketarik gabe, Izan zaitez lehena erregistro honi etiketa jartzen!

MARC

LEADER 00000nam a2200000 a 4500
001 UCN0368
003 CL-VaPUC
008 010323e19890000SP |||||||||||||||||spa|d
082 0 4 |a 937  |b DIO  |2 21 
100 0 |a Dionisio de Halicarnaso  |e author  |9 455582 
245 1 0 |a Historia antigua de Roma: Libros VII-IX 
300 |a 363 p 
942 |c BK 
945 |d 20010323 00:00:00  |a cmena 
260 |a Madrid  |b Gredos  |c 1989 
650 0 |a Historia romana  |9 322973 
650 0 |a Historia antigua  |9 267521 
650 0 |a Civilizaciones antiguas  |9 265998 
583 |a last modification  |c 20010323 00:00:00  |k Rodrigo Vera 
490 0 |a Biblioteca Clásica Gredos, 123 
999 |c 294132  |d 294130 
952 |0 0  |1 0  |4 0  |6 937_000000000000000_DIO_1989  |7 0  |8 X  |9 346020  |a BIBHIS  |b BIBHIS  |d 2019-11-20  |i 3702790  |l 1  |m 1  |o 937 DIO 1989  |p 3702790  |r 2024-01-30  |s 2023-08-09  |w 2019-11-20  |y BK_X  |k HIS